<?xml version="1.0" encoding="UTF-8"?>
<collection xmlns="http://www.loc.gov/MARC21/slim">
 <record>
  <leader>07142cam a2201045   4500</leader>
  <controlfield tag="001">387728759</controlfield>
  <controlfield tag="003">DE-627</controlfield>
  <controlfield tag="005">20241206204744.0</controlfield>
  <controlfield tag="007">tu</controlfield>
  <controlfield tag="008">040524s2004    gw ||||| m    00| ||ger c</controlfield>
  <datafield tag="015" ind1=" " ind2=" ">
   <subfield code="a">04,N23,1341</subfield>
   <subfield code="2">dnb</subfield>
  </datafield>
  <datafield tag="015" ind1=" " ind2=" ">
   <subfield code="a">04,A49,1377</subfield>
   <subfield code="2">dnb</subfield>
  </datafield>
  <datafield tag="016" ind1="7" ind2=" ">
   <subfield code="a">971087881</subfield>
   <subfield code="2">DE-101</subfield>
  </datafield>
  <datafield tag="020" ind1=" " ind2=" ">
   <subfield code="a">3496013184</subfield>
   <subfield code="c">Gb. : EUR 59.00, ca. CHF 100.00</subfield>
   <subfield code="9">3-496-01318-4</subfield>
  </datafield>
  <datafield tag="020" ind1=" " ind2=" ">
   <subfield code="a">3894453222</subfield>
   <subfield code="9">3-89445-322-2</subfield>
  </datafield>
  <datafield tag="024" ind1="3" ind2=" ">
   <subfield code="a">9783496013181</subfield>
  </datafield>
  <datafield tag="035" ind1=" " ind2=" ">
   <subfield code="a">(DE-627)387728759</subfield>
  </datafield>
  <datafield tag="035" ind1=" " ind2=" ">
   <subfield code="a">(DE-576)114686130</subfield>
  </datafield>
  <datafield tag="035" ind1=" " ind2=" ">
   <subfield code="a">(DE-599)GBV387728759</subfield>
  </datafield>
  <datafield tag="035" ind1=" " ind2=" ">
   <subfield code="a">(OCoLC)231993217</subfield>
  </datafield>
  <datafield tag="035" ind1=" " ind2=" ">
   <subfield code="a">(OCoLC)56933073</subfield>
  </datafield>
  <datafield tag="035" ind1=" " ind2=" ">
   <subfield code="a">(AT-OBV)AC04327243</subfield>
  </datafield>
  <datafield tag="035" ind1=" " ind2=" ">
   <subfield code="a">(DE-604)BV019672798</subfield>
  </datafield>
  <datafield tag="040" ind1=" " ind2=" ">
   <subfield code="a">DE-627</subfield>
   <subfield code="b">ger</subfield>
   <subfield code="c">DE-627</subfield>
   <subfield code="e">rakwb</subfield>
  </datafield>
  <datafield tag="041" ind1=" " ind2=" ">
   <subfield code="a">ger</subfield>
  </datafield>
  <datafield tag="044" ind1=" " ind2=" ">
   <subfield code="c">XA-DE-BE</subfield>
  </datafield>
  <datafield tag="050" ind1=" " ind2="0">
   <subfield code="a">NA9246.6.A1</subfield>
  </datafield>
  <datafield tag="082" ind1="0" ind2=" ">
   <subfield code="a">710</subfield>
   <subfield code="a">710</subfield>
   <subfield code="a">720</subfield>
   <subfield code="a">720</subfield>
   <subfield code="q">BSZ</subfield>
  </datafield>
  <datafield tag="082" ind1="0" ind2=" ">
   <subfield code="a">710</subfield>
  </datafield>
  <datafield tag="082" ind1="0" ind2=" ">
   <subfield code="a">720</subfield>
  </datafield>
  <datafield tag="082" ind1="0" ind2="4">
   <subfield code="a">720</subfield>
   <subfield code="a">710</subfield>
  </datafield>
  <datafield tag="082" ind1="0" ind2="4">
   <subfield code="a">710</subfield>
   <subfield code="a">720</subfield>
  </datafield>
  <datafield tag="084" ind1=" " ind2=" ">
   <subfield code="a">9,11</subfield>
   <subfield code="2">ssgn</subfield>
  </datafield>
  <datafield tag="084" ind1=" " ind2=" ">
   <subfield code="a">LO 87400</subfield>
   <subfield code="q">BVB</subfield>
   <subfield code="2">rvk</subfield>
   <subfield code="0">(DE-625)rvk/104884:</subfield>
  </datafield>
  <datafield tag="084" ind1=" " ind2=" ">
   <subfield code="a">ZH 9067</subfield>
   <subfield code="q">OBV</subfield>
   <subfield code="2">rvk</subfield>
   <subfield code="0">(DE-625)rvk/156294:1618</subfield>
  </datafield>
  <datafield tag="084" ind1=" " ind2=" ">
   <subfield code="a">ZH 4967</subfield>
   <subfield code="2">rvk</subfield>
   <subfield code="0">(DE-625)rvk/156167:1618</subfield>
  </datafield>
  <datafield tag="084" ind1=" " ind2=" ">
   <subfield code="a">ZH 9302</subfield>
   <subfield code="2">rvk</subfield>
   <subfield code="0">(DE-625)rvk/156302:</subfield>
  </datafield>
  <datafield tag="084" ind1=" " ind2=" ">
   <subfield code="a">56.62</subfield>
   <subfield code="2">bkl</subfield>
  </datafield>
  <datafield tag="084" ind1=" " ind2=" ">
   <subfield code="a">74.72</subfield>
   <subfield code="2">bkl</subfield>
  </datafield>
  <datafield tag="100" ind1="1" ind2=" ">
   <subfield code="a">Minta, Anna</subfield>
   <subfield code="d">1970-</subfield>
   <subfield code="0">(DE-588)129487414</subfield>
   <subfield code="0">(DE-627)589450638</subfield>
   <subfield code="0">(DE-576)188555005</subfield>
   <subfield code="4">aut</subfield>
  </datafield>
  <datafield tag="245" ind1="1" ind2="0">
   <subfield code="a">Israel bauen</subfield>
   <subfield code="b">Architektur, Städtebau und Denkmalpolitik nach der Staatsgründung 1948</subfield>
   <subfield code="c">Anna Minta</subfield>
  </datafield>
  <datafield tag="246" ind1="3" ind2="3">
   <subfield code="a">Nation buildung in Israel</subfield>
  </datafield>
  <datafield tag="263" ind1=" " ind2=" ">
   <subfield code="a">Pp. : EUR 59.00, sfr 100.00</subfield>
  </datafield>
  <datafield tag="264" ind1=" " ind2="1">
   <subfield code="a">[Berlin]</subfield>
   <subfield code="b">Reimer</subfield>
   <subfield code="c">2004</subfield>
  </datafield>
  <datafield tag="300" ind1=" " ind2=" ">
   <subfield code="a">462 S</subfield>
   <subfield code="b">zahlr. Ill., Kt</subfield>
   <subfield code="c">25 cm</subfield>
  </datafield>
  <datafield tag="336" ind1=" " ind2=" ">
   <subfield code="a">Text</subfield>
   <subfield code="b">txt</subfield>
   <subfield code="2">rdacontent</subfield>
  </datafield>
  <datafield tag="337" ind1=" " ind2=" ">
   <subfield code="a">ohne Hilfsmittel zu benutzen</subfield>
   <subfield code="b">n</subfield>
   <subfield code="2">rdamedia</subfield>
  </datafield>
  <datafield tag="338" ind1=" " ind2=" ">
   <subfield code="a">Band</subfield>
   <subfield code="b">nc</subfield>
   <subfield code="2">rdacarrier</subfield>
  </datafield>
  <datafield tag="502" ind1=" " ind2=" ">
   <subfield code="a">Zugl.: Kiel, Univ., Diss., 2002 u.d.T.: Minta, Anna: Nation buildung in Israel</subfield>
  </datafield>
  <datafield tag="520" ind1=" " ind2=" ">
   <subfield code="a">Welche kulturelle, politische und ideologische Bedeutung haben Architektur, Städtebau und Denkmalpolitik in Israel? Genese, Identitätskonstruktion und Repräsentation des Staates Israel hängen eng mit seiner architektonischen Gestalt zusammen. Anna Minta untersucht die Jahre von der Staatsgründung 1948 bis in die Zeit nach dem Sechs-Tage-Krieg 1967. Der Untersuchungszeitraum ist von politisch-militärischen Auseinandersetzungen und territorialer Expansion geprägt. Raumplanerische und denkmalpolitische Projekte erhalten die Funktion, den Raum sowohl geopolitisch als auch kulturell-symbolisch neu zu organisieren. Die staatlichen Planungsaktivitäten konzentrieren sich dabei auf militärisch eroberte Gebiete und dünn besiedelte, periphere Regionen, da ihre Zugehörigkeit zum Staatsgebiet besonders gefährdet ist. Anna Minta dokumentiert die architektonische und städtebauliche Entwicklung Jerusalems zur Landeshauptstadt sowie den Ausbau Beer Shevas als Zentrum der Wüstenkolonisierung. In Jerusalem beschreibt sie den Bau der Knesset, des Israel Museums und der Holocaust Gedenkstätte Yad Vashem sowie die Rekonstruktion des Jüdischen Viertels. Durch den Aufbau nationaler Institutionen und die Inszenierung denkmalpolitischer Projekte werden so territoriale Ansprüche befestigt. Das Buch dokumentiert alle großen Bauprojekte der israelischen Staatsgründungsphase. Mit ihnen wird eine neue Heimat errichtet und sie sind zugleich Demonstration der Anwesenheit sowie des Anspruchs auf Dauerhaftigket.</subfield>
  </datafield>
  <datafield tag="583" ind1="1" ind2=" ">
   <subfield code="a">Archivierung prüfen</subfield>
   <subfield code="c">20240511</subfield>
   <subfield code="f">DE-640</subfield>
   <subfield code="z">3</subfield>
   <subfield code="2">pdager</subfield>
  </datafield>
  <datafield tag="650" ind1=" " ind2="0">
   <subfield code="a">City planning</subfield>
   <subfield code="z">Israel</subfield>
   <subfield code="x">History</subfield>
   <subfield code="y">20th century</subfield>
  </datafield>
  <datafield tag="650" ind1=" " ind2="0">
   <subfield code="a">Architecture and state</subfield>
   <subfield code="z">Israel</subfield>
  </datafield>
  <datafield tag="650" ind1=" " ind2="0">
   <subfield code="a">Nationalism and architecture</subfield>
   <subfield code="z">Israel</subfield>
  </datafield>
  <datafield tag="650" ind1=" " ind2="0">
   <subfield code="a">Architecture</subfield>
   <subfield code="z">Israel</subfield>
   <subfield code="y">20th century</subfield>
  </datafield>
  <datafield tag="650" ind1="0" ind2="7">
   <subfield code="0">(DE-588)4134724-9</subfield>
   <subfield code="0">(DE-627)105670413</subfield>
   <subfield code="0">(DE-576)209654724</subfield>
   <subfield code="a">Baupolitik</subfield>
   <subfield code="2">gnd</subfield>
  </datafield>
  <datafield tag="650" ind1="0" ind2="7">
   <subfield code="0">(DE-588)4011455-7</subfield>
   <subfield code="0">(DE-627)106352695</subfield>
   <subfield code="0">(DE-576)20889361X</subfield>
   <subfield code="a">Denkmalpflege</subfield>
   <subfield code="2">gnd</subfield>
  </datafield>
  <datafield tag="650" ind1="0" ind2="7">
   <subfield code="0">(DE-588)4056795-3</subfield>
   <subfield code="0">(DE-627)106153706</subfield>
   <subfield code="0">(DE-576)209119012</subfield>
   <subfield code="a">Städtebau</subfield>
   <subfield code="2">gnd</subfield>
  </datafield>
  <datafield tag="650" ind1=" " ind2="4">
   <subfield code="a">Geschichte 1948-2004</subfield>
  </datafield>
  <datafield tag="651" ind1=" " ind2="7">
   <subfield code="0">(DE-588)4027808-6</subfield>
   <subfield code="0">(DE-627)104767804</subfield>
   <subfield code="0">(DE-576)208972358</subfield>
   <subfield code="a">Israel</subfield>
   <subfield code="2">gnd</subfield>
  </datafield>
  <datafield tag="655" ind1=" " ind2="7">
   <subfield code="a">Hochschulschrift</subfield>
   <subfield code="0">(DE-588)4113937-9</subfield>
   <subfield code="0">(DE-627)105825778</subfield>
   <subfield code="0">(DE-576)209480580</subfield>
   <subfield code="2">gnd-content</subfield>
  </datafield>
  <datafield tag="689" ind1="0" ind2="0">
   <subfield code="d">g</subfield>
   <subfield code="0">(DE-588)4027808-6</subfield>
   <subfield code="0">(DE-627)104767804</subfield>
   <subfield code="0">(DE-576)208972358</subfield>
   <subfield code="a">Israel</subfield>
   <subfield code="2">gnd</subfield>
  </datafield>
  <datafield tag="689" ind1="0" ind2="1">
   <subfield code="d">s</subfield>
   <subfield code="0">(DE-588)4056795-3</subfield>
   <subfield code="0">(DE-627)106153706</subfield>
   <subfield code="0">(DE-576)209119012</subfield>
   <subfield code="a">Städtebau</subfield>
   <subfield code="2">gnd</subfield>
  </datafield>
  <datafield tag="689" ind1="0" ind2="2">
   <subfield code="d">s</subfield>
   <subfield code="0">(DE-588)4011455-7</subfield>
   <subfield code="0">(DE-627)106352695</subfield>
   <subfield code="0">(DE-576)20889361X</subfield>
   <subfield code="a">Denkmalpflege</subfield>
   <subfield code="2">gnd</subfield>
  </datafield>
  <datafield tag="689" ind1="0" ind2="3">
   <subfield code="d">s</subfield>
   <subfield code="0">(DE-588)4134724-9</subfield>
   <subfield code="0">(DE-627)105670413</subfield>
   <subfield code="0">(DE-576)209654724</subfield>
   <subfield code="a">Baupolitik</subfield>
   <subfield code="2">gnd</subfield>
  </datafield>
  <datafield tag="689" ind1="0" ind2=" ">
   <subfield code="5">DE-101</subfield>
  </datafield>
  <datafield tag="751" ind1=" " ind2=" ">
   <subfield code="a">Kiel</subfield>
   <subfield code="4">uvp</subfield>
  </datafield>
  <datafield tag="787" ind1="0" ind2="8">
   <subfield code="i">Rezension</subfield>
   <subfield code="t">Anna Minta: Israel Bauen. Architektur, Städtebau und Denkmalpolitik nach der Staatsgründung 1948, Berlin, 2004</subfield>
   <subfield code="d">2005</subfield>
   <subfield code="h">Online-Ressource</subfield>
   <subfield code="w">(DE-627)1646230167</subfield>
   <subfield code="w">(DE-576)278856020</subfield>
  </datafield>
  <datafield tag="787" ind1="0" ind2="8">
   <subfield code="i">Rezensiert in</subfield>
   <subfield code="a">Heinze-Greenberg, Ita, 1956 - </subfield>
   <subfield code="t">[Rezension von: Anna Minta, Israel bauen. Architektur, Städtebau und Denkmalpolitik nach der Staatsgründung 1948]</subfield>
   <subfield code="d">2005</subfield>
   <subfield code="w">(DE-627)1898752877</subfield>
  </datafield>
  <datafield tag="856" ind1="4" ind2="2">
   <subfield code="u">http://www.gbv.de/dms/bs/toc/387728759.pdf</subfield>
   <subfield code="m">V:DE-601</subfield>
   <subfield code="m">B:DE-84</subfield>
   <subfield code="q">pdf/application</subfield>
   <subfield code="x">Verlag</subfield>
   <subfield code="y">Inhaltsverzeichnis</subfield>
   <subfield code="3">Inhaltsverzeichnis</subfield>
  </datafield>
  <datafield tag="856" ind1="4" ind2="2">
   <subfield code="u">http://www.h-net.org/reviews/showrev.php?id=19893</subfield>
   <subfield code="v">2016-07-13</subfield>
   <subfield code="x">Verlag</subfield>
   <subfield code="y">Book review (H-Net)</subfield>
  </datafield>
  <datafield tag="856" ind1="4" ind2="2">
   <subfield code="u">https://swbplus.bsz-bw.de/bsz114686130rez.htm</subfield>
   <subfield code="m">V:DE-576</subfield>
   <subfield code="q">text/html</subfield>
   <subfield code="3">Rezension</subfield>
  </datafield>
  <datafield tag="856" ind1="4" ind2="2">
   <subfield code="u">https://www.hsozkult.de/publicationreview/id/rezbuecher-6192</subfield>
   <subfield code="m">V:DE-576;X:HSozKult</subfield>
   <subfield code="q">text/html</subfield>
   <subfield code="v">20180417153224</subfield>
   <subfield code="3">Rezension</subfield>
  </datafield>
  <datafield tag="889" ind1=" " ind2=" ">
   <subfield code="w">(DE-627)1906118930</subfield>
  </datafield>
  <datafield tag="935" ind1=" " ind2=" ">
   <subfield code="a">BGTS</subfield>
  </datafield>
  <datafield tag="935" ind1=" " ind2=" ">
   <subfield code="i">Blocktest</subfield>
  </datafield>
  <datafield tag="936" ind1="r" ind2="v">
   <subfield code="a">LO 87400</subfield>
   <subfield code="b">Jerusalem</subfield>
   <subfield code="k">Kunstgeschichte</subfield>
   <subfield code="k">Kunst nach Ländern bzw. Kontinenten</subfield>
   <subfield code="k">Asien und Vorderer Orient</subfield>
   <subfield code="k">Kunstgeschichte Israels (auch ehemaliges Königreich Jerusalem und Palästina insgesamt)</subfield>
   <subfield code="k">Orte Israels</subfield>
   <subfield code="k">Jerusalem</subfield>
   <subfield code="0">(DE-627)1270701517</subfield>
   <subfield code="0">(DE-625)rvk/104884:</subfield>
   <subfield code="0">(DE-576)200701517</subfield>
  </datafield>
  <datafield tag="936" ind1="r" ind2="v">
   <subfield code="a">ZH 9067</subfield>
   <subfield code="b">Israel</subfield>
   <subfield code="k">Technik</subfield>
   <subfield code="k">Architektur</subfield>
   <subfield code="k">Raumplanung,Städtebau, Stadtplanung</subfield>
   <subfield code="k">Allgemeines und Länderliste</subfield>
   <subfield code="k">Asien</subfield>
   <subfield code="k">Israel</subfield>
   <subfield code="0">(DE-627)1278807608</subfield>
   <subfield code="0">(DE-625)rvk/156294:1618</subfield>
   <subfield code="0">(DE-576)208807608</subfield>
  </datafield>
  <datafield tag="936" ind1="r" ind2="v">
   <subfield code="a">ZH 4967</subfield>
   <subfield code="b">Israel</subfield>
   <subfield code="k">Technik</subfield>
   <subfield code="k">Architektur</subfield>
   <subfield code="k">Baugeschichte</subfield>
   <subfield code="k">Architektur nach Ländern</subfield>
   <subfield code="k">Asien</subfield>
   <subfield code="k">Israel</subfield>
   <subfield code="0">(DE-627)1271986884</subfield>
   <subfield code="0">(DE-625)rvk/156167:1618</subfield>
   <subfield code="0">(DE-576)201986884</subfield>
  </datafield>
  <datafield tag="936" ind1="r" ind2="v">
   <subfield code="a">ZH 9302</subfield>
   <subfield code="b">Städtebau allgemein</subfield>
   <subfield code="k">Technik</subfield>
   <subfield code="k">Architektur</subfield>
   <subfield code="k">Raumplanung,Städtebau, Stadtplanung</subfield>
   <subfield code="k">Städtebau, Stadtplanung</subfield>
   <subfield code="k">Geschichte des Städtebaus</subfield>
   <subfield code="k">Städtebau allgemein</subfield>
   <subfield code="0">(DE-627)127212746X</subfield>
   <subfield code="0">(DE-625)rvk/156302:</subfield>
   <subfield code="0">(DE-576)20212746X</subfield>
  </datafield>
  <datafield tag="936" ind1="r" ind2="u">
   <subfield code="a">LO 87300</subfield>
   <subfield code="b">Kunstgeschichte Israels (auch ehemaliges Königreich Jerusalem und Palästina insgesamt)</subfield>
   <subfield code="k">Kunstgeschichte</subfield>
   <subfield code="k">Kunst nach Ländern bzw. Kontinenten</subfield>
   <subfield code="k">Asien</subfield>
   <subfield code="k">Kunstgeschichte Israels (auch ehemaliges Königreich Jerusalem und Palästina insgesamt)</subfield>
   <subfield code="0">(DE-627)1270641972</subfield>
   <subfield code="0">(DE-576)200641972</subfield>
   <subfield code="z">Ungueltig</subfield>
  </datafield>
  <datafield tag="936" ind1="b" ind2="k">
   <subfield code="a">56.62</subfield>
   <subfield code="j">Architekturtheorie</subfield>
   <subfield code="j">Architekturentwicklung</subfield>
   <subfield code="0">(DE-627)181570572</subfield>
  </datafield>
  <datafield tag="936" ind1="b" ind2="k">
   <subfield code="a">74.72</subfield>
   <subfield code="j">Stadtplanung</subfield>
   <subfield code="j">kommunale Planung</subfield>
   <subfield code="0">(DE-627)106411039</subfield>
  </datafield>
  <datafield tag="951" ind1=" " ind2=" ">
   <subfield code="a">BO</subfield>
  </datafield>
  <datafield tag="990" ind1=" " ind2=" ">
   <subfield code="a">Israel</subfield>
  </datafield>
  <datafield tag="990" ind1=" " ind2=" ">
   <subfield code="a">Städtebau</subfield>
  </datafield>
  <datafield tag="990" ind1=" " ind2=" ">
   <subfield code="a">Denkmalpflege</subfield>
  </datafield>
  <datafield tag="990" ind1=" " ind2=" ">
   <subfield code="a">Baupolitik</subfield>
  </datafield>
  <datafield tag="991" ind1=" " ind2=" ">
   <subfield code="a">Rezensiertes Werk</subfield>
  </datafield>
  <datafield tag="999" ind1=" " ind2=" ">
   <subfield code="a">KXP-PPN387728759</subfield>
   <subfield code="e">4569412130</subfield>
  </datafield>
 </record>
</collection>
